000 00805nas a2200253 4500
001 BR6008462
003 BR-BrBNA
005 20231205082059.0
007 ta
008 230509b bl.|||p| |||| 00| 00por d
040 _aBR-BrBNA
_bpor
_cBiblioteca Nacional de Agricultura
041 _a(Pt)
072 _aE70; F00; L00
110 1 _aEmpresa de Pesquisa Agropecuaria de Minas Gerais, Belo Horizonte (Brasil)
245 1 _aEstatisticas agricolas [comercializacao, preco, Minas Gerais]
650 _aCOMERCIALIZACAO
650 _aPRODUTIVIDADE
650 _aMERCADO
650 _aPRECO
650 _aMINAS GERAIS
773 0 _tInforme Agropecuario. Conjuntura e Estatistica (Brazil)
_x
_g(Jun 1975), v. 1(3) p. 43-65
_wBR6008462
909 _a202311
_bLúcia
_c55
_dLúcia Elande
942 _2AGRIS
_n0
_cANA
999 _c89030
_d89030